Statistics for Guess the anime by the main character

Click here to take the quiz!

General Stats

  • This quiz has been taken 98 times
  • The average score is 14 of 37

Answer Stats

CharacterAnswer% Correct
GokuDragonball z
98%
NarutoNaruto
98%
LuffyOne piece
94%
Eren yeagerAttack on titan
88%
Light yatogamiDeath note
87%
Ichigo kurosakiBleach
84%
EdwardFullmetal alchemist
84%
Ash ketchumPokemon
84%
Kaneki kenTokyo ghoul
83%
Natsu dragneelFairy tail
74%
AangAvatar the last airbender
66%
Shōyō hinataHaikyuu
65%
Shiro and soraNo game no life
59%
Taiga aisakaToradora
52%
Kazuto kirigayaSword art online
48%
Yuri katsukiYuri on ice
48%
Issei hyodoHighschool dxd
34%
Haruka nanaseFree
32%
Yuki cross/kuranVampire knight
18%
Tohru sohmaFruit basket
15%
Yui komoriDiabolik lovers
12%
Shido itsukaDate a live
10%
Shiba tatsuyaThe irregular at magic highschool
7%
Ikki kuroganeChivalry of a failed knight
6%
Yuichiro hyakuyaSeraph of the end
6%
Hinata hidekiAngel beats
5%
Ayato amagiriAsterisk war
5%
Hayato kisaragiHundred
5%
Kakeru naruseOrange
5%
Hanabi yasuraokaScum’s wish
5%
Tooru kokonoeAbsolute duo
4%
Takashi komuroHighschool of the dead
4%
Eucliwood hellscyhteIs this a zombie?
4%
Kojou akatsukiStrike the blood
4%
Arita haruyukiAccel world
2%
Godou kusanagiCampione
2%
ShujinkoAmnesia
1%

Score Distribution

Percentile by Number Answered

Percent of People with Each Score

Your Score History

You have not taken this quiz